00786nam a22002651 45000010005000000030006000050050017000110080041000280100017000690200015000860400022001010500015001230820012001381000029001502450083001792600031002623000048002934900023003415050007003645200054003715210018004255210018004436500038004617000021004995738FISKH20250331084622.0770920s1961 nyua j 000 1 eng  a 61011451  aFISTK01376 aDLCcMBdDLCbeng aPZ10.M628  a813.54 1 aMinarik, Else Holmelund.10aLittle Bear's visit /cby Else Holmelund Minarik ; Pictures by Maurice Sendak. aNew York :bHarper,c1961. a64 pages ; bcolor illustrations ; c23 cm 0 aAn I can read book aJ  aLittle Bear enjoys a visit with his grandparents.8 a460 bLexile 8 aj bRaz-Plus  aGrandparentsvBears xLittle Bear aSendak, Maurice